Every Pokémon that can Gigantamax - Statistics

General Stats
  • This quiz has been taken 10 times
  • The average score is 25 of 33
Answer Stats
Answer % Correct
Charizard
100%
Inteleon
100%
Blastoise
86%
Cinderace
86%
Corviknight
86%
Duraludon
86%
Garbodor
86%
Gengar
86%
Lapras
86%
Rillaboom
86%
Snorlax
86%
Toxtricity
86%
Venusaur
86%
Appletun
71%
Butterfree
71%
Coalossal
71%
Drednaw
71%
Eevee
71%
Flapple
71%
Grimmsnarl
71%
Hatterene
71%
Machamp
71%
Melmetal
71%
Meowth
71%
Pikachu
71%
Urshifu (Rapid Strike)
71%
Urshifu (Single Strike)
71%
Alcremie
57%
Centiskorch
57%
Copperajah
57%
Orbeetle
57%
Sandaconda
57%
Kingler
43%
No matching quizzes found
Score Distribution
Percent of People with Each Score
Percentile by Number Answered
Your Score History
You have not taken this quiz